| 000 | 01178nam a2200277Ia 4500 | ||
|---|---|---|---|
| 003 | PE SENCICO BE | ||
| 005 | 20251020182431.0 | ||
| 008 | 200515s9999 xx 000 0 und d | ||
| 020 | _a84-8076-532-1 | ||
| 040 |
_aPE SENCICO BE _cPE SENCICO BE |
||
| 041 | _aspa | ||
| 082 |
_a745.4 _bL62 |
||
| 100 | 1 |
_aLidwell, William _92588 _eautor |
|
| 245 | 1 | 0 |
_aPrincipios universales de diseño / _cWilliam Lidwell, Kritina Holden, Jill Butler |
| 250 | _a1a ed. | ||
| 260 |
_aBarcelona : _bBlume ; _c2005 |
||
| 300 |
_a215 p. : _bil., graf. ; _c26 cm. |
||
| 505 | 0 | _a¿Como influir en la percepción de un diseño? -- ¿Como instruir a través del diseño? -- ¿Como realizar la utilidad de un diseño? -- ¿Como incrementar el atractivo de un diseño? -- ¿Como mejorar el modo de diseñar? | |
| 520 | 3 | _a100 maneras de fomentar el utilitarismo, influir en la percepción, incrementar el atractivo de los objetos, diseñar de forma más acertada y enseñar a través del diseño | |
| 650 | 1 | 0 |
_aDiseño _9965 |
| 650 | 2 | 0 |
_aDiseño industrial _92580 |
| 700 | 1 |
_92589 _aHolden, Kritina _eautor |
|
| 700 | 1 |
_92590 _aButler, Jill _eautor |
|
| 942 |
_cLIB _2ddc |
||
| 999 |
_c256 _d256 |
||